| 000 | 00573nam a2200193Ia 4500 | ||
|---|---|---|---|
| 003 | OSt | ||
| 005 | 20250312091214.0 | ||
| 008 | 210210b1927 xxu||||| |||| 00| 0 eng d | ||
| 040 | _cAL | ||
| 041 | _aKannada | ||
| 082 | _a455/18 | ||
| 100 |
_aPUTTAPPA (KV) _985498 _dಪುಟ್ಟಪ್ಪ (ಕೆ ವಿ). |
||
| 245 |
_aKannada kaipidi samputa 1 _bಕನ್ನಡ ಕೈಪಿಡಿ : ಸಂಪುಟ ೧ |
||
| 260 |
_aMaisuru _bMaisuru Vishvavidyalaya _c1927 |
||
| 650 |
_aKuvempu _9205694 |
||
| 690 |
_aKannada Grammar _985499 |
||
| 906 | _a006783 | ||
| 942 |
_2ddc _cBK |
||
| 999 |
_c140863 _d140863 |
||